Agent-based and individual-based modeling : a practical introduction
Αποθηκεύτηκε σε:
| Κύριοι συγγραφείς: | , |
|---|---|
| Μορφή: | Βιβλίο |
| Γλώσσα: | English |
| Δημοσίευση: |
Princeton :
Princeton University Press,
c2012.
|
| Θέματα: | |
| Ετικέτες: |
Προσθήκη ετικέτας
Δεν υπάρχουν, Καταχωρήστε ετικέτα πρώτοι!
|
MARC
| LEADER | 00000nam a2200000 a 4500 | ||
|---|---|---|---|
| 001 | 1/111448 | ||
| 008 | 160729t2012####nju| ||| |||| ||eng|| | ||
| 020 | |a 9780691136745 | ||
| 040 | |a GR-MyUa |b gre |c GR-MyUa |e AACR2 | ||
| 041 | 0 | |a eng | |
| 082 | 7 | |a 006.3 |2 (23) | |
| 100 | 1 | |a Railsback, Steven F. | |
| 245 | 1 | 0 | |a Agent-based and individual-based modeling : |b a practical introduction / |c Steven F. Railsback and Volker Grimm. |
| 260 | |a Princeton : |b Princeton University Press, |c c2012. | ||
| 300 | |a xviii, 329 σ. : |b εικ. ; |c 26 εκ. | ||
| 504 | |a Βιβλιογραφία: σ. 317-321. Ευρετήριο. | ||
| 650 | 0 | |a Multiagent systems |x Textbooks. | |
| 650 | 0 | |a Science |x Mathematical models. | |
| 700 | 1 | |a Grimm, Volker |d 1958- |e aut | |
| 852 | |a INST |b SAMOS |e 20160729 |h 006.3 RAI |p 005300043730 |q 005300043730 |t BK |y 0 | ||
| 922 | |a 3ΕΛΗ |b 201605 |c Τμήμα Μαθηματικών |d Διαδρομές | ||
| 970 | |a Κοσιέρης |b Χρήστος |z 29-07-2016 | ||